| 000 | 01543cam a22004334i 4500 | ||
|---|---|---|---|
| 003 | PE-LiUPU | ||
| 005 | 20250731173252.0 | ||
| 008 | 150625s r 000 0 d | ||
| 035 | _a(Sirsi) a35618 | ||
| 040 |
_aPE-LiUPU _bspa _cPE-LiUPU _erda |
||
| 082 | 0 | 4 |
_a232.4 _bB59 _221 |
| 100 | 1 |
_aBligh, John, _eautor. |
|
| 245 | 1 | 3 |
_aEl maestro divino / _cJohn Bligh [Traducción por Juan Jose Ferrero. |
| 264 | 1 |
_aMadrid : _bEdiciones Paulinas, _c1970. |
|
| 300 |
_a221 páginas ; _c19 cm. |
||
| 336 |
_atext _2rdacontent |
||
| 337 |
_aunmediated _2rdamedia |
||
| 338 |
_avolume _2rdacarrier |
||
| 505 | 0 | _aDios y el Hombre.-Autoridad y súbditos. -Súbditos y Autoridad. -Hebreos y no-hebreos. -El hombre y su familia. -El hombre y su prójimo. -El hombre y sus haberes. | |
| 526 | _aSEG42 | ||
| 526 | _aSEG41 | ||
| 526 | _aSEG40 | ||
| 526 | _aSEG39 | ||
| 526 | _aP94 | ||
| 526 | _aP87 | ||
| 526 | _aP86 | ||
| 526 | _aP85 | ||
| 526 | _aP77 | ||
| 526 | _aP76 | ||
| 526 | _aP35 | ||
| 630 |
_aBiblia. _pN.T. _pEvangelios _xCrítica e interpretación. |
||
| 700 | 1 |
_aFerrero, Juan José, _etraductor. |
|
| 910 | _a | ||
| 942 |
_2ddc _cBOOK |
||
| 949 |
_a232.4 B59 _wDEWEY _c1 _i38685 _lCCODEBUL1 _mBUL _p00.00 _r0 _sY _tBOOK _u2015-06-25 _xBIBLIOTECA _zUNKNOWN _0COMPRA _o.STAFF. Colección General |
||
| 596 | _a1 | ||
| 999 |
_a232.4 B59 _wDEWEY _c43602 _i38685 _f2021-11-10 _g6 _lCCODEBUL1 _mBUL _r0 _sY _tBOOK _u2015-6-25 _xTEOLOGIA _zUNKNOWN _0COMPRA _o.STAFF. Colección General _d43602 |
||
| 980 |
_81 _gALBERTO SANCHEZ Responsable de Automatización |
||